[Event "Tata Steel-B 73rd"]
[Site "Wijk aan Zee"]
[Date "2011.01.17"]
[Round "3"]
[White "McShane, Luke J"]
[Black "Tkachiev, Vladislav"]
[Result "1-0"]
[WhiteElo "2664"]
[BlackElo "2636"]
[Annotator "McShane,L"]
[PlyCount "111"]
[EventDate "2011.01.14"]
[EventType "tourn"]
[EventRounds "13"]
[EventCountry "NED"]
[EventCategory "17"]
[SourceTitle "CBM 141"]
[Source "ChessBase"]
[SourceDate "2011.03.17"]
[SourceVersion "1"]
[SourceVersionDate "2011.03.17"]
[SourceQuality "1"]

1. e4 e5 2. Nf3 Nc6 3. Bb5 a6 4. Ba4 Nf6 5. O-O b5 6. Bb3 Bc5 7. c3 d6 8. d3 {
I decided to choose a fairly quiet option that day.} h6 9. Nbd2 O-O 10. Re1 Ne7
$5 {[%cal Ye7g6] A cute little idea, although it isn't clear to me that Black
gains much compared with the immediate 10...Bb6} 11. Nf1 (11. d4 $6 Bb6 12.
dxe5 Ng4 {[%csl Re5,Rf2][%cal Yg4f2,Yg4e5] is very comfortable for Black})
11... Ng6 12. Ng3 Re8 13. h3 {One of the nice characteristics of the Ruy Lopez
is that many of the 'equal' positions like this one, are nevertheless full of
life. The position appears quiet and symmetrical, but it is unlikely to stay
that way.} Bb7 {It would be odd to describe this as a mistake, but during the
game I was quite pleased to see this move. In similar positions from the
Giuoco Piano, White often achieves a small advantage by advancing d3-d4 before
his opponent. However, with the pawn on b5 and bishop on b7, it isn't very
attractive to play that way due to the pressure against e4. Therefore, I
thought it made more sense to initiate play on the kingside light squares, and
try to leave the Bb7 out of the game.} 14. Nh2 d5 15. Qf3 {I picked the
ambitious option.} ({The alternative which I considered was} 15. Ng4 dxe4 16.
dxe4 Nxg4 (16... Qxd1 $6 17. Nxf6+ $1) 17. Qxg4 Qf6 18. Nf5 {[%csl Gb3,Gf5,Gg4]
[%cal Yb3g8] which is a little more pleasant for White, but I thought Black
would probably equalise with} Bc8 {followed by Be6.}) 15... Nh4 16. Qe2 Ng6 $5
{[%csl Re2][%cal Yg6f4] This was a surprise for me, but probably the best move.
I don't think that Tkachiev was aiming for a repetition, but the knight was
simply not well placed on h4.} (16... Qd7 {looks natural, but White's position
can spring to life. For example,} 17. Ng4 $1 Nxg4 18. hxg4 Rad8 19. Nf5 Nxf5
20. gxf5 {[%csl Ge4,Gf5,Rg8][%cal Ye2g4,Yc1h6] looks attractive, with lots of
attacking potential on the kingside.}) (16... Nh7 {is less 'naive', but} 17.
Qh5 $1 {[%csl Rh4,Gh5][%cal Yg7g6,Yh5h6,Yh7f6] is a nuisance - Black will soon
have to retreat Nh4-g6.}) 17. Ng4 {In that typical Ruy Lopez way, Black is
under a little pressure here without any clear errors.} Nf4 18. Qf3 dxe4 19.
dxe4 Nxg4 20. hxg4 Qf6 {There was no way to use the d3-square.} (20... Nd3 21.
Rd1 $1 {wins a piece, or}) (20... Qd3 21. Be3 $1 {leaves the queen stranded.})
21. Nf5 {This is the position I was aiming for after 16...Ng6. It isn't easy
to defend the knight on f4.} Rad8 {It seems there was nothing better than
giving up a pawn.} (21... g5 {is very ugly, and} 22. g3 $1 {is a strong
response, as the knight gets trapped on f2 in the event of} Nh3+) ({However,} 
21... g6 {occupied my thoughts during the game. Now} 22. Nxh6+ Kg7 23. Nxf7 Rh8
{seemed to give Black scary attacking chances. Actually White should capture
on f4 here, but during the game I saw that} 24. g5 Nh3+ 25. Kf1 $1 Qxf3 26.
gxf3 {would be sufficient to refute the sacrifice.}) 22. Bxf4 exf4 23. Qxf4 Bd6
({I took much longer than normal to make the obvious capture on f4, because I
thought Tkachiev had prepared a very clever idea in} 23... Qe5 $5 {Now the
exchange of queens leaves e4 and d2 vulnerable. Instead} 24. Bxf7+ $1 Kxf7 25.
Nd6+ Kg8 26. Qf7+ Kh7 $1 (26... Kh8 $2 27. Nxb7 Rf8 28. Nxd8 $1 {[%csl Re5,Rh8]
[%cal Yd8f7,Yf7h8,Yf7e5] is a nice twist}) 27. Nxb7 Rf8 {[%csl Rf2][%cal Yf8f2,
Yc5f2] and Black wins. But finally I realised that White need not give the
queen check on f7 - exchanging queens first leads to an easy win.}) ({i.e.} 
23... Qe5 24. Bxf7+ Kxf7 (24... Kh7 $1 {is actually the strongest move, but
then I saw White keeps the advantage with} 25. Qxe5 Rxe5 26. Bd5 $1 $16) 25.
Nd6+ Kg8 26. Qxe5 $1 Rxe5 27. Nxb7 $18) 24. Nxh6+ $5 (24. Qf3 {was perhaps
even better, but after so much calculation in the last few moves, I was
happier to force a position with a stable advantage.}) 24... Qxh6 25. Bxf7+ Kh7
26. Qxh6+ Kxh6 27. Bxe8 Rxe8 28. f3 {An unusual position! The rook and three
pawns are a little more valuable than the bishops. But during the game I was
too optimistic - I thought White should win with careful play, whereas now I
am not at all sure.} Kg5 29. Kf2 Bc5+ 30. Kg3 Kf6 ({Maybe it was just wishful
thinking, but it looked like Vlad wanted to pick up the bishop, until he
spotted that} 30... Bd6+ $2 31. e5 $1 Bxe5+ 32. Rxe5+ Rxe5 33. f4+ {wins.}) 31.
Rad1 Bd6+ 32. Kf2 Bc5+ 33. Kg3 Bd6+ 34. Kf2 Bc5+ 35. Ke2 Bd6 36. Rh1 Bc8 37. a3
$6 {[%csl Gc8,Gd6][%cal Yc8e6,Ye6b3,Yd6g3] I think this was a mistake, as both
black bishops get some squares to play with. I was worried about counterplay
with a5-a4, but nevertheless I think 37.b3! was better, to make the Bc8
passive.} Be6 38. Kf2 Bb3 39. Rde1 {[%csl Ge4][%cal Ye1e4,Yf3f4] It wasn't
nice to leave the d-file, but I wanted to protect e4 to play f3-f4 in case
Black keeps checking with the bishop.} Bc5+ 40. Kg3 Bc2 {Prophylactically
attacking e4, but} (40... Rd8 $1 {looks stronger to me now. After} 41. Rh5 Be7
$1 {is not an obvious retreat, but Black is sure to get good counterplay on
the d-file.}) 41. Rh5 Bd6+ 42. Kf2 g6 43. Rh7 Bc5+ 44. Kg3 Bd6+ 45. Kf2 Bc5+
46. Kg3 Bd6+ 47. Kh3 {Not a great square for the king, but how else to make
progress? Given time, White will play g3 and Kg2 to coordinate the rooks and
get the pawns moving.} g5 48. Rh6+ Kg7 49. Rh5 Kg6 50. g3 (50. Re2 Bb3 51. Rd2
{was my original idea, but my heart sank when I spotted} Rf8 $1 {[%csl Gf8,Rh3,
Rh5][%cal Yf8f3,Rg2g3] An elegant prophylactic idea. Due to the pressure on f3,
White can't play g2-g3, so there is simply nothing to do.} 52. Rd3 Bc4 {
achieves nothing, and} 53. Rd4 $4 Rxf3+ 54. gxf3 Bf1# {[%csl Gd6,Gf1][%cal
Yf1h3,Yd6h2] is a beautiful way to commit suicide!}) 50... Rd8 {Bringing
things to a head.} (50... Bb3 {was perhaps more stubborn, but after} 51. Kg2 {
[%cal Ye1h1,Yh5h8] preparing Reh1, White is making progress.}) 51. f4 $1 {
A little breakthrough, requiring accurate calculation.} gxf4 52. e5 Bc5 (52...
f3 $5 53. exd6 Bd3 {is a possibility we were both checking carefully, as it
isn't easy to stop that pawn! White wins with the careful manoeuvre} 54. Re6+
Kg7 55. Rg5+ $1 Kf7 56. Re3 $1 {[%cal Ye3f3]}) 53. gxf4 Rd3+ 54. Kg2 Rd2+ 55.
Kf3 Rf2+ (55... Rd3+ 56. Ke2 Re3+ 57. Kd2 {and the checks come to an end.}) (
55... Bd1+ {is what I expected, but after} 56. Rxd1 Rxd1 57. Rg5+ $5 Kh7 {
(moving to f7 allows 58.e6+! picking up the bishop)} 58. Ke4 {the win should
be straightforward with three mobile pawns and the better king.}) 56. Kg3 (56.
Kg3 Rd2 {was doubtless his intention but} 57. Rg5+ $1 {is followed by mate on
the h-file or Black loses the bishop on c5.}) 1-0

[Event "Gashimov Memorial 5th"]
[Site "Shamkir"]
[Date "2018.04.27"]
[Round "8"]
[White "Topalov, Veselin"]
[Black "Wojtaszek, Radoslaw"]
[Result "0-1"]
[WhiteElo "2749"]
[BlackElo "2744"]
[Annotator "Mekhitarian,K"]
[PlyCount "70"]
[EventDate "2018.04.19"]
[EventType "tourn"]
[EventRounds "9"]
[EventCountry "AZE"]
[EventCategory "21"]
[SourceTitle "CBM 184"]
[Source "ChessBase"]
[SourceDate "2018.05.16"]
[SourceVersion "1"]
[SourceVersionDate "2018.05.16"]
[SourceQuality "1"]

1. e4 e5 2. Nf3 Nc6 3. Bb5 a6 4. Ba4 Nf6 5. O-O Bc5 6. c3 (6. Nc3 $5 {was seen
in a game between two ex-world champions in 2017:} b5 7. Bb3 O-O 8. Nd5 $5 (8.
d3 {Anand later tried this move against Carlsen:} d6 9. Nd5 h6 10. c3 Rb8 11.
Re1 Ba7 12. Be3 Bxe3 13. Nxe3 Re8 14. a4 b4 15. a5 bxc3 16. bxc3 Be6 $11 {
½-½ (66) Anand,V (2783)-Carlsen,M (2822) Saint Louis 2017, with a roughly
equal position.}) 8... Nxe4 9. d3 Nf6 10. Bg5 Be7 11. Nxe7+ Qxe7 12. Re1 h6 13.
Bh4 Bb7 14. c3 Rfe8 15. d4 e4 16. Nd2 Na5 $13 {0-1 (60) Anand,V (2786)-Kramnik,
V (2808) Stavanger 2017, with a complex and unbalanced position.}) 6... O-O 7.
d4 Ba7 {This idea was tried for the first time back in 1902! But more
seriously in a game between Tal and Keres, in 1959.} 8. Re1 {This is a
standard move, but apparently Black starts to achieve a comfortable position
if White plays too passively.} (8. dxe5 {was played by the Swedish GM
Grandelius against Wojtaszek's compatriot GM Gajewski, in 2018.} Nxe4 9. Qd5
Nc5 10. Bc2 Ne7 11. Qd1 d5 12. exd6 Qxd6 13. Qxd6 cxd6 {The black pieces are
quite active, but White has a better pawn structure, guaranteeing him a very
slight advantage, that did not materialise in this game.} 14. Bf4 Bf5 (14... d5
$1) 15. Na3 Bxc2 16. Nxc2 Nf5 17. Rad1 $14 {1/2-1/2 (46) Grandelius,N (2646)
-Gajewski,G (2588) Batumi 2018}) (8. Bg5 $146 {a logical move, but a novelty
at the time. I think this is the critical way to play as White.} h6 9. Bh4 exd4
$1 (9... b5 $2 10. dxe5 $1 g5 11. exf6 Qxf6 (11... gxh4 {doesn't help} 12. e5
$3 bxa4 13. Qd2 {[%csl Rh6]} Kh7 {Now White wins with a nice combination:} 14.
Qd3+ Kh8 15. Ng5 $1 hxg5 16. Qf3 $1 Nxe5 17. Qh5+ Kg8 18. Qh6 Qxf6 19. Qxf6 $18
) 12. e5 $5 Qg7 13. Bc2 $1 gxh4 14. Nxh4 Nxe5 15. Nf5 Qf6 16. Qh5 Re8 17. Nxh6+
Kf8 18. Nd2 d5 19. Rae1 Bd7 20. Kh1 (20. Bf5 $1 $18) 20... Kg7 21. f4 Qxh6 22.
Qxh6+ Kxh6 23. fxe5 Kg7 $16 {½-½ (42) Tal,M-Keres,P Tallinn (Estonia) 1959,
Keres went on to defend this endgame.}) 10. cxd4 d6 11. Bxc6 bxc6 12. Nbd2 (12.
Re1 $5) 12... Re8 {Black is doing fine dynamically with the bishop pair and
the loose white central pawns.} 13. Qa4 (13. Re1 $5) 13... Bd7 14. e5 g5 $1 15.
Nxg5 hxg5 16. Bxg5 dxe5 17. Ne4 Nxe4 18. Bxd8 Raxd8 $13 {0-1 (39) Smirnov,A 
(2478)-Nabaty,T (2622) Pardubice 2016, with complex play.}) 8... b5 (8... d6 {
was played in another very old game in 1963, this time by the Soviet master
Lev Aronin as Black.} 9. Bg5 h6 10. Bh4 Qe7 11. d5 $6 (11. Bxc6 {similar to
the Smirnov - Nabaty game, this exchange is typical in these positions. I
don't like 11.d5 as in the game.}) 11... Nb8 12. Nbd2 Bg4 13. h3 Bh5 14. g4 Bg6
15. Nf1 c6 $132 {1-0 (54) Nikitin,A-Aronin,L Moscow (Russia) 1963}) 9. Bb3 d6
10. h3 Bb7 {[%csl Ra7,Rb7]} 11. a4 Ne7 $1 12. Bc2 Ng6 {[%csl Ra7,Rb7,Rf6,Rg6]
This is the main idea of the variation - achieve this very active piece setup.
If Black is able to place the bishops and knights like this without any danger,
he should have a good position.} 13. Na3 c6 {Wojtaszek chooses to keep the
tension. 13...exd4 was possible, but not so clear.} (13... exd4 14. cxd4 b4 15.
Nc4 Bxe4 16. Bxe4 (16. Rxe4 d5 {with sharp play.}) 16... Nxe4 17. Rxe4 d5 $11)
14. Bd3 Re8 15. Nc2 h6 16. dxe5 $6 (16. Be3 {had to be played. With 16.dxe5,
Black's position improves and he already starts to look for a serious
advantage.}) 16... dxe5 17. Be3 Bxe3 18. Nxe3 Nf4 19. Bc2 Qc7 $1 {[%cal Ga8d8,
Gc6c5,Gc5c4] Topalov simply doesn't have much in return for all the strategic
achievements Black has made.} 20. Nf5 Rad8 21. Qc1 Bc8 $1 {Trying to eliminate
White's strongest piece. 22.Ng3 is possible, but it's hard to make such
passive moves.} (21... c5 $5 {was also a good move.}) 22. Nh2 $2 (22. Ng3 {
would have been a better choice.}) 22... Bxf5 23. exf5 e4 $1 $17 {[%csl Rf2,
Rf5,Rg2,Rh3] When Black achieves such a pawn structure, the advance of the
central e-pawn is very strong. White's f5-pawn basically becomes useless.} 24.
axb5 axb5 25. Nf1 (25. Ng4 {wouldn't change much:} Nxg4 26. hxg4 {Here Black
can choose the best purpose for the e-pawn: support d3 or break White's pawn
structure.} Nd3 (26... e3 $5 27. fxe3 Nd5 28. Re2 Nf6 $40) 27. Bxd3 exd3 $17)
25... c5 $1 26. b3 Nd3 27. Bxd3 exd3 28. Rxe8+ Rxe8 29. c4 Re2 $1 30. cxb5 Qe5
{Wojtaszek is very precise concluding the game. The threat of ...Qd4 (amongst
others) decides the game.} 31. Ra8+ Kh7 32. Qc4 Qxf5 33. f3 Rc2 34. Qxf7 Qg5
35. g4 Qh4 0-1

[Event "Sao Paulo zt 2.4"]
[Site "Sao Paulo"]
[Date "2001.??.??"]
[Round "4"]
[White "Matsuura, Everaldo"]
[Black "Milos, Gilberto"]
[Result "0-1"]
[WhiteElo "2467"]
[BlackElo "2608"]
[Annotator "Melao,H"]
[PlyCount "64"]
[EventDate "2001.06.07"]
[EventType "tourn"]
[EventRounds "9"]
[EventCountry "BRA"]
[EventCategory "8"]
[SourceTitle "CBM 082 Extra"]
[Source "ChessBase"]
[SourceDate "2001.07.03"]
[SourceVersion "1"]
[SourceVersionDate "2001.07.03"]
[SourceQuality "1"]

1. e4 e5 2. Nf3 Nc6 3. Bb5 a6 4. Ba4 Nf6 5. O-O Bc5 $1 {talvez seja a melhor
forma de combater a Rui López.} 6. Nxe5 {numa recente partida postal, depois
de analisar exaustivamente a posição, concluí que 6.Nxe5 era o fino, mas
depois de uns 15 lances ficou claro que as Brancas não conseguem mais do que o
equilíbrio.} ({o melhor talvez seja} 6. c3 $1) 6... Nxe5 7. d4 Nxe4 8. Re1 ({
outra interessante opção й o lance de Anand:} 8. Qe2 $5) 8... Be7 9. Rxe4 Ng6
10. c4 O-O 11. Nc3 c6 $1 {esse й o lance temático que garante bom jogo às
Pretas. A idéia й simples: quebrar o centro branco com 'b5' e/ou 'd5',
eventualmente jogando também 'b4'. A diferença de estar com uma Dama em 'e4',
em vez da Torre, й evidente: a Dama contribui no contre sobre 'd5', de modo
que as Brancas poderiam seguir com 12.Bc2 e 13.b3, conservando um pouco mais
de espaço.} (11... d6 12. Nd5 Bh4 13. Qh5 c6 14. Rxh4 Qxh4 15. Qxh4 Nxh4 16.
Nb6 Rb8 17. Bf4 Nf5 18. d5 Re8 19. Kf1 h6 20. h3 Re4 21. Bh2 cxd5 22. g4 Rxc4
23. Nxc4 dxc4 24. Re1 Be6 25. gxf5 Bxf5 26. Bxd6 {Anand,V-Ivanchuk,V/Las
Palmas 1996/CBM 57/[Anand]/1-0 (46)}) (11... b5 12. cxb5 Bb7 13. d5 f5 14. Re1
Bd6 15. Qh5 axb5 16. Bxb5 c6 17. dxc6 dxc6 18. Bc4+ Kh8 19. Bg5 Qb6 20. Rad1
Ne5 21. Bb3 Rae8 22. Re3 f4 23. Rh3 Qxf2+ 24. Kh1 h6 25. Bxh6 Nf7 26. Bxg7+
Kxg7 27. Qg4+ Kf6 28. Rxd6+ Nxd6 29. Rh6+ Ke7 30. Qe6+ Kd8 31. Qxd6+ Kc8 32.
Be6+ Rxe6 33. Qxf8+ Kc7 34. Rh7+ Kb6 35. Qb4+ Ka6 36. Qxb7+ Ka5 37. b4# {
1-0 Hummel,E-Van Veen,O/Hengelo 2000/EXT 2001 (37)}) 12. d5 $1 $146 {й a única
maneira de conservar a iniciativa.} (12. Re1 b5 $1 13. Bb3 bxc4 14. Bxc4 d5 15.
Bd3 Bf6 16. Be3 c5 17. Ne2 c4 18. Bc2 Be6 19. Ng3 Be7 20. Qh5 Bb4 21. Bg5 Qd7
22. Nf5 f6 23. Rxe6 fxg5 24. Ne7+ Bxe7 25. Rxg6 Qe8 26. Rxg7+ {1-0 Collutiis,
D-Samaritani,F/Bratto 1998/EXT 2000 (26)}) (12. Bc2 d5 $11) 12... b5 13. Bb3
Bf6 14. d6 $1 {as Brancas cortam o jogo das Pretas ao meio. O Peão 'd6' será
débil no futuro, mas antes de pensar em tomar esse Peão, as Pretas precisam
completar o desenvolvimento e se defender, que não й tarefa fácil, pois com o
tabuleiro cortado ao meio, as peças pretas da ala da Dama não conseguem
participar na defesa, enquanto as Brancas terão mais facilidade para atacar.}
bxc4 15. Bxc4 Bb7 16. Qh5 a5 $1 {as Pretas encontram uma forma muito engenhosa
de levar as peças da ala da Dama para o jogo: a5, a4, Ra5 etc. Contudo essa й
uma manobra um tanto artificial, e as Brancas não deveriam se desviar de seu
objetivo para anular essa manobra. Й importante avaliar qual dos planos й mais
forte, antes de decidir se й melhor levar a cabo nosso plano e permitir que o
adversário leve a cabo o dele, ou se й preferível renunciar (ou desviar) ao
nosso para impedir (ou adiar) ou dele.} 17. Na4 (17. Be3 $5 a4 18. Rc1 (18. Rb1
$5) 18... Ra5 19. Qd1 a3 20. bxa3 Rxa3 21. Na4 $16) 17... Re8 $1 18. Rxe8+ (18.
Nc5 Rxe4 19. Nxe4 Ba6 20. Bxa6 Rxa6 21. Bg5 Bxg5 22. Nxg5 h6 {e depois de
todas essas trocas, a posição das Pretas seria bastante saudável.}) 18... Qxe8
19. Be3 Qe4 20. Nb6 Rd8 21. Re1 Bxb2 22. Qxa5 Bf6 23. Bg5 Qg4 $1 24. Bxf6 Nf4
$1 25. g3 (25. Bxf7+ $1 Kf8 (25... Kxf7 26. Re7+ $1 Kf8 27. Bxg7+ Kg8 28. g3
$16) 26. g3 gxf6 27. Re7 Nh3+ 28. Kf1 $16) 25... gxf6 $1 26. Nd5 $2 (26. Qc3 $5
) 26... Nh3+ $19 27. Kg2 cxd5 $1 28. Qxd8+ Kg7 {e a posição branca está
irremediavelmente perdida...} 29. Qb6 Nf4+ 30. Kg1 Qf3 31. gxf4 ({o menor dos
males seria} 31. Bf1 d4 $1 32. Qxb7 Qxb7 33. gxf4 $19) 31... dxc4 32. Kf1 Qh3+
(32... Qh3+ 33. Ke2 Qd3#) 0-1